Min hudʹhud Sulaymān ilā ṭābiʻ al-barīd. (Record no. 45296)

MARC details
000 -LEADER
fixed length control field 00656cam a22002411 4500
001 - CONTROL NUMBER
control field ne 62001518
003 - CONTROL NUMBER IDENTIFIER
control field DLC
005 - DATE AND TIME OF LATEST TRANSACTION
control field 20260227111738.0
008 - FIXED-LENGTH DATA ELEMENTS--GENERAL INFORMATION
fixed length control field 890107s1961 xx 000 0 ara
010 ## - LIBRARY OF CONGRESS CONTROL NUMBER
LC control number ne 62001518
035 ## - SYSTEM CONTROL NUMBER
System control number (OCoLC)23523626
040 ## - CATALOGING SOURCE
Original cataloging agency DLC
Transcribing agency MiU
Modifying agency DLC
042 ## - AUTHENTICATION CODE
Authentication code premarc
043 ## - GEOGRAPHIC AREA CODE
Geographic area code aw-----
-- f-ua---
050 00 - LIBRARY OF CONGRESS CALL NUMBER
Classification number HE7190.8
Item number .M2
100 1# - MAIN ENTRY--PERSONAL NAME
Personal name Maḥmūd, ʻAbd al-Munṣif.
245 10 - TITLE STATEMENT
Title Min hudʹhud Sulaymān ilā ṭābiʻ al-barīd.
260 ## - PUBLICATION, DISTRIBUTION, ETC.
Date of publication, distribution, etc. [1961?]
300 ## - PHYSICAL DESCRIPTION
Extent 204, [3] p.
Dimensions 22 cm.
500 ## - GENERAL NOTE
General note Romanized.
650 #0 - SUBJECT ADDED ENTRY--TOPICAL TERM
Topical term or geographic name entry element Postal service
Geographic subdivision Middle East
General subdivision History.
650 #0 - SUBJECT ADDED ENTRY--TOPICAL TERM
Topical term or geographic name entry element Postal service
Geographic subdivision Egypt
General subdivision History.

No items available.

Powered by Koha